The partisan leader ; a tale of the future /

Bibliographic Details
Main Author: Tucker, Beverley, 1784-1851
Format: Book
Language:English
Published: Chapel Hill : University of North Carolina Press, [1971]
Series:Southern literary classics series.

MARC

Tag First Indicator Second Indicator Subfields
LEADER 00000cam a2200000 4500
001 in00000684721
005 20151016050506.0
008 710603r19711836ncu b 00001 eng
010 |a  78149477  
020 |a 0807811661 
035 |a (OCoLC)00143275 
035 |9 ADA4646AM 
040 |a DLC  |c DLC  |d TXA  |d UtOrBLW 
049 |a TXAM  |c [1142953] 
050 0 0 |a PZ3.T798  |b P17 
090 |a PS3101  |b .P17 1971 
100 1 |a Tucker, Beverley,  |d 1784-1851. 
245 1 4 |a The partisan leader ;  |b a tale of the future /  |c With an introd. by C. Hugh Holman. 
264 1 |a Chapel Hill :  |b University of North Carolina Press,  |c [1971] 
300 |a xxiii, 392 pages ;  |c 22 cm. 
336 |a text  |b txt  |2 rdacontent 
337 |a unmediated  |b n  |2 rdamedia 
338 |a volume  |b nc  |2 rdacarrier 
490 1 |a Southern literary classics series 
500 |a "Reproduction of the third impression of the 1861 edition ... 'fac-simile of the original edition printed ... 1836." 
504 |a Includes bibliographical references. 
536 |a From the Library of Harrison T. Meserole 2002. 
830 0 |a Southern literary classics series. 
999 |a MARS 
999 f f |s f16359e5-0346-3210-abc0-67c2a66b6fb1  |i 917290ac-90ea-3308-a661-0eadb3527054  |t 0 
952 f f |p ric  |a Texas A&M University  |b Rellis Campus  |c Joint Library Facility  |d Remote Storage  |t 0  |e PS3101 .P17 1971  |h Library of Congress classification  |i unmediated -- volume  |m A14829992564 
952 f f |p normal  |a Texas A&M University  |b College Station  |c Sterling C. Evans Library  |d Evans: Library Stacks  |t 0  |e PS3101 .P17 1971  |h Library of Congress classification  |i unmediated -- volume  |m A14804289849 
998 f f |a PS3101 .P17 1971  |t 0  |l Remote Storage 
998 f f |a PS3101 .P17 1971  |t 0  |l Evans: Library Stacks